[Event "4NCL/Div3/AMCAD vs. PPA2"]
[Site "Hinckley Island ENG"]
[Date "2009.03.22"]
[Round "8.1"]
[White "Webb, Richard M"]
[Black "Richter, Hans"]
[Result "1/2-1/2"]
[WhiteElo "2266"]
[BlackElo "2149"]
[PlyCount "79"]
[EventDate "2009.03.22"]
[EventCountry "ENG"]
[SourceDate "2008.10.04"]

1. e4 e6 2. d3 d5 3. Nd2 Nf6 4. Ngf3 b6 5. c3 Ba6 6. Be2 Be7 7. O-O O-O 8. Re1
c5 9. a3 dxe4 10. dxe4 Bb7 11. Qc2 Qc7 12. b3 Nbd7 13. Bb2 Ne5 14. Nxe5 Qxe5
15. Bf3 Rfd8 16. Rad1 Qc7 17. c4 Rd7 18. e5 Bxf3 19. Nxf3 Rxd1 20. Rxd1 Ne8 21.
Rd3 Rd8 22. Qd1 Rxd3 23. Qxd3 Qd8 24. Qxd8 Bxd8 25. Kf1 Nc7 26. Ke2 Na6 27. Bc3
Be7 28. Nd2 Kf8 29. f4 h5 30. h3 Ke8 31. g4 hxg4 32. hxg4 g6 33. Nf3 Kd7 34.
Kd3 Nb8 35. Be1 Nc6 36. Ke4 Bd8 37. Bc3 Be7 38. Ne1 Ke8 39. Ng2 Kd7 40. Ne3
1/2-1/2

[Event "4NCL/Div3/AMCAD vs. PPA2"]
[Site "Hinckley Island ENG"]
[Date "2009.03.22"]
[Round "8.2"]
[White "Winfridsson, Ola"]
[Black "Bonafont, Philip"]
[Result "1/2-1/2"]
[WhiteElo "2127"]
[BlackElo "2140"]
[PlyCount "81"]
[EventDate "2009.03.22"]
[EventCountry "ENG"]
[SourceDate "2008.10.04"]

1. d4 d5 2. c4 e5 3. dxe5 d4 4. Nf3 Nc6 5. g3 Nge7 6. Bg2 Ng6 7. O-O Ngxe5 8.
Nxe5 Nxe5 9. b3 g6 10. Bb2 Bg7 11. Nd2 O-O 12. Nf3 Nxf3+ 13. Bxf3 c5 14. Qd2
Qe7 15. Rfe1 Rd8 16. Rad1 Bf5 17. h4 h5 18. Qf4 Kh7 19. Bc1 Bc2 20. Qg5 f6 21.
Qf4 Bxd1 22. Rxd1 Rab8 23. Kg2 b5 24. g4 hxg4 25. Qxg4 f5 26. Qf4 Qe5 27. Qg5
Qf6 28. Bf4 bxc4 29. Bxb8 Rxb8 30. bxc4 Qxg5+ 31. hxg5 Rb2 32. Bd5 Be5 33. Kf3
a5 34. Rd3 Rxa2 35. Rb3 Kg7 36. Rb7+ Kf8 37. Rf7+ Ke8 38. Ra7 Ra3+ 39. Kg2 Bf4
40. Bf7+ Kd8 41. Bxg6 1/2-1/2

[Event "4NCL/Div3/AMCAD vs. PPA2"]
[Site "Hinckley Island ENG"]
[Date "2009.03.22"]
[Round "8.3"]
[White "Purdon, Colin"]
[Black "Kemp, Paul R"]
[Result "1/2-1/2"]
[WhiteElo "2097"]
[BlackElo "2102"]
[PlyCount "64"]
[EventDate "2009.03.22"]
[EventCountry "ENG"]
[SourceDate "2008.10.04"]

1. d4 d5 2. c4 c6 3. Nf3 Nf6 4. Nc3 e6 5. e3 Nbd7 6. Qc2 Bd6 7. Bd3 dxc4 8.
Bxc4 e5 9. O-O O-O 10. h3 exd4 11. exd4 Nb6 12. Bb3 Qd7 13. Bg5 Nbd5 14. Bxf6
Nxf6 15. Ne5 Qf5 16. Qe2 Be6 17. Bc2 Qf4 18. Rad1 Rad8 19. Rfe1 Rfe8 20. Qe3
Qxe3 21. Rxe3 Nd5 22. Re2 Nb4 23. Bb1 Bxa2 24. Nxa2 Nxa2 25. Bxa2 Bxe5 26. Rde1
Rxd4 27. Rxe5 Rxe5 28. Rxe5 Rd1+ 29. Kh2 Kf8 30. Re2 a5 31. Kg3 a4 32. Rc2 Ra1
1/2-1/2

[Event "4NCL/Div3/AMCAD vs. PPA2"]
[Site "Hinckley Island ENG"]
[Date "2009.03.22"]
[Round "8.4"]
[White "Doci, Stefan"]
[Black "Duvall, Ian"]
[Result "1-0"]
[WhiteElo "2052"]
[BlackElo "2047"]
[PlyCount "49"]
[EventDate "2009.03.22"]
[EventCountry "ENG"]
[SourceDate "2008.10.04"]

1. e4 c5 2. Nf3 d6 3. d4 cxd4 4. Nxd4 Nf6 5. Nc3 g6 6. Be3 Bg7 7. f3 Nc6 8. Qd2
O-O 9. Bc4 Bd7 10. O-O-O Rb8 11. Bb3 b5 12. g4 Ne5 13. Bh6 Nc4 14. Qg5 a5 15.
Bxg7 Kxg7 16. Bxc4 bxc4 17. e5 dxe5 18. Qxe5 Qb6 19. g5 Qxb2+ 20. Kd2 Rbd8 21.
Nd5 c3+ 22. Ke3 Rfe8 23. Nxe7 Kf8 24. gxf6 Qxa2 25. Qg5 1-0

[Event "4NCL/Div3/AMCAD vs. PPA2"]
[Site "Hinckley Island ENG"]
[Date "2009.03.22"]
[Round "8.5"]
[White "Hart, David"]
[Black "Bailey, Kevin"]
[Result "1-0"]
[WhiteElo "2029"]
[BlackElo "2056"]
[PlyCount "103"]
[EventDate "2009.03.22"]
[EventCountry "ENG"]
[SourceDate "2008.10.04"]

1. e4 e6 2. d4 d5 3. Nc3 Bb4 4. e5 c5 5. a3 Bxc3+ 6. bxc3 Qa5 7. Bd2 Qa4 8. Qg4
g6 9. Ra2 c4 10. Nf3 Qb5 11. Ra1 Qb2 12. Rc1 h6 13. h4 Nc6 14. h5 g5 15. Nxg5
hxg5 16. Qxg5 Nge7 17. Qg7 Rg8 18. Qf6 Bd7 19. h6 O-O-O 20. h7 Rh8 21. Qxf7 Nf5
22. Be2 Nfxd4 23. cxd4 Nxd4 24. Bd1 Qxa3 25. Rh3 Qf8 26. Qxf8 Rdxf8 27. Bg5 Rf7
28. c3 Nb3 29. Bc2 Nxc1 30. Bxc1 Rg7 31. Kf1 a5 32. f3 b5 33. Bd2 Kc7 34. g4
Be8 35. Rh6 Kd7 36. Ke2 d4 37. cxd4 b4 38. Kd1 b3 39. Be4 a4 40. Bb4 Kc7 41.
Rxe6 Bd7 42. Rh6 Bxg4 43. Bd6+ Kd8 44. fxg4 Rxg4 45. Rg6 Rxg6 46. Bxg6 c3 47.
Bb4 Kd7 48. Bxc3 Ke6 49. Kc1 Kd5 50. Bf7+ Ke4 51. Bg8 Kd3 52. Bb2 1-0

[Event "4NCL/Div3/AMCAD vs. PPA2"]
[Site "Hinckley Island ENG"]
[Date "2009.03.22"]
[Round "8.6"]
[White "McMahon, Paul"]
[Black "McLaughlin, Noel"]
[Result "0-1"]
[WhiteElo "2045"]
[BlackElo "2025"]
[PlyCount "56"]
[EventDate "2009.03.22"]
[EventCountry "ENG"]
[SourceDate "2008.10.04"]

1. Nc3 g6 2. d4 Bg7 3. e4 d6 4. Bc4 Nf6 5. f3 c6 6. Be3 b5 7. Bb3 Nbd7 8. a4 b4
9. Na2 Rb8 10. Qd2 Qa5 11. O-O-O O-O 12. h4 h5 13. Nh3 c5 14. Rdg1 Ba6 15. dxc5
dxc5 16. g4 c4 17. Bxc4 Bxc4 18. b3 Be6 19. Nf4 Nxe4 20. fxe4 Qe5 21. c3 bxc3
22. Nxc3 Rfc8 23. Nfe2 Rxb3 24. Kd1 Bxg4 25. Rxg4 hxg4 26. Qxd7 Rcxc3 27. Bd4
Rd3+ 28. Kc2 Qxe4 0-1

[Event "4NCL/Div3/GUI4 vs. WRO2"]
[Site "Hinckley Island ENG"]
[Date "2009.03.22"]
[Round "8.1"]
[White "Adair, James"]
[Black "Adams, David M"]
[Result "1/2-1/2"]
[WhiteElo "2074"]
[BlackElo "2191"]
[PlyCount "80"]
[EventDate "2009.03.22"]
[EventCountry "ENG"]
[SourceDate "2008.10.04"]

1. e4 e5 2. Nf3 Nf6 3. Nxe5 d6 4. Nf3 Nxe4 5. Nc3 Nxc3 6. dxc3 Nc6 7. Bf4 Qf6
8. Qd2 Bg4 9. O-O-O Be7 10. Bg5 Qe6 11. Bxe7 Qxe7 12. Re1 Be6 13. Ng5 O-O-O 14.
Bb5 Qf6 15. Nxe6 fxe6 16. Qe3 Rhf8 17. Rhf1 Kd7 18. Qxa7 Qg5+ 19. Qe3 Qxe3+ 20.
Rxe3 Rf6 21. f4 Rdf8 22. Ref3 g6 23. Kd2 d5 24. Ke3 Kd6 25. g4 Ne7 26. Bd3 c5
27. b3 d4+ 28. cxd4 Nd5+ 29. Kd2 cxd4 30. Be4 Ne3 31. Rg1 b6 32. Kd3 Rxf4 33.
Rxf4 Rxf4 34. Kxd4 Nxg4 35. h3 e5+ 36. Kc3 Nf2 37. Bg2 Rd4 38. b4 Nd1+ 39. Kb3
Ne3 40. a4 Rd2 1/2-1/2

[Event "4NCL/Div3/GUI4 vs. WRO2"]
[Site "Hinckley Island ENG"]
[Date "2009.03.22"]
[Round "8.2"]
[White "Shaw, Peter"]
[Black "Stimpson, Philip M"]
[Result "1-0"]
[WhiteElo "2123"]
[BlackElo "2077"]
[PlyCount "79"]
[EventDate "2009.03.22"]
[EventCountry "ENG"]
[SourceDate "2008.10.04"]

1. d4 Nf6 2. c4 e5 3. dxe5 Ng4 4. Bf4 Nc6 5. Nf3 Bb4+ 6. Nbd2 Qe7 7. e3 Ngxe5
8. Nxe5 Nxe5 9. Be2 b6 10. O-O Bxd2 11. Qxd2 Bb7 12. Qc3 d6 13. b4 O-O 14. c5
Ng6 15. Bg3 dxc5 16. bxc5 Bd5 17. Rfd1 Rfd8 18. a3 c6 19. Rac1 b5 20. Bd3 Re8
21. Re1 Ne5 22. Bf1 f5 23. Rcd1 Rad8 24. Rd4 g5 25. Red1 h5 26. Bxb5 h4 27.
Bxe5 Qxe5 28. Bxc6 Bxc6 29. Qc4+ Bd5 30. Rxd5 Rxd5 31. Qxd5+ Kg7 32. Qxe5+ Rxe5
33. Rc1 Re7 34. c6 Rc7 35. Kf1 Kf6 36. Ke2 Ke5 37. Rc5+ Kd6 38. Rxf5 Kxc6 39.
Rxg5 Rb7 40. Rg4 1-0

[Event "4NCL/Div3/GUI4 vs. WRO2"]
[Site "Hinckley Island ENG"]
[Date "2009.03.22"]
[Round "8.3"]
[White "Punnett, Alan K"]
[Black "Arnott, Jonathan W"]
[Result "1/2-1/2"]
[WhiteElo "2102"]
[BlackElo "2117"]
[PlyCount "48"]
[EventDate "2009.03.22"]
[EventCountry "ENG"]
[SourceDate "2008.10.04"]

1. d4 d5 2. Nf3 c6 3. e3 Nf6 4. Bd3 Bg4 5. h3 Bh5 6. c3 Nbd7 7. Qb3 Qc7 8. Nbd2
e6 9. a4 c5 10. Qa2 Bd6 11. b3 O-O 12. g4 Bg6 13. Bxg6 hxg6 14. Ba3 e5 15. Rc1
Rac8 16. dxe5 Nxe5 17. Nxe5 Bxe5 18. O-O Ne4 19. Nxe4 dxe4 20. Rfd1 Rfd8 21.
Qc2 f5 22. Rxd8+ Rxd8 23. Rd1 b6 24. Qe2 Rxd1+ 1/2-1/2

[Event "4NCL/Div3/GUI4 vs. WRO2"]
[Site "Hinckley Island ENG"]
[Date "2009.03.22"]
[Round "8.4"]
[White "Archer, Richard"]
[Black "Higgs, Anthony"]
[Result "1/2-1/2"]
[WhiteElo "2120"]
[BlackElo "1995"]
[PlyCount "29"]
[EventDate "2009.03.22"]
[EventCountry "ENG"]
[SourceDate "2008.10.04"]

1. d4 d6 2. e4 Nf6 3. Nc3 e5 4. dxe5 dxe5 5. Qxd8+ Kxd8 6. Bc4 Be6 7. Bxe6 fxe6
8. Nf3 Bd6 9. Be3 Nc6 10. O-O-O Ke7 11. h3 a6 12. Rhe1 b5 13. Nd2 Rhf8 14. f3
h6 15. Nb3 1/2-1/2

[Event "4NCL/Div3/GUI4 vs. WRO2"]
[Site "Hinckley Island ENG"]
[Date "2009.03.22"]
[Round "8.5"]
[White "McCullough, Simon L"]
[Black "Webb, Matthew"]
[Result "1-0"]
[WhiteElo "1896"]
[BlackElo "2035"]
[PlyCount "81"]
[EventDate "2009.03.22"]
[EventCountry "ENG"]
[SourceDate "2008.10.04"]

1. e4 g6 2. Nf3 d6 3. d4 a6 4. Bd3 Nd7 5. O-O Bg7 6. Re1 e5 7. dxe5 Nxe5 8.
Nxe5 dxe5 9. Nc3 Be6 10. Qe2 c6 11. Be3 Nf6 12. Rad1 Qe7 13. f3 O-O 14. Bc4
Rfd8 15. Bb3 b5 16. Qf2 Bf8 17. Qg3 Bxb3 18. axb3 Rxd1 19. Rxd1 Qe6 20. Qf2 Nd7
21. Kh1 Bb4 22. Ne2 Qe7 23. f4 Bc5 24. Rxd7 Bxe3 25. Rxe7 Bxf2 26. g3 exf4 27.
Nxf4 Rd8 28. Nd3 Bd4 29. Rc7 Rd6 30. Kg2 a5 31. Kf3 Bb6 32. Rb7 c5 33. e5 Rc6
34. Nf4 c4 35. Nd5 cxb3 36. c3 Bc5 37. Rxb5 a4 38. Ra5 a3 39. bxa3 Bb4 40. Rb5
Bxc3 41. Ne7+ 1-0

[Event "4NCL/Div3/GUI4 vs. WRO2"]
[Site "Hinckley Island ENG"]
[Date "2009.03.22"]
[Round "8.6"]
[White "Whitaker, Thomas R"]
[Black "Bryant, Richard"]
[Result "1/2-1/2"]
[WhiteElo "1995"]
[BlackElo "1920"]
[PlyCount "86"]
[EventDate "2009.03.22"]
[EventCountry "ENG"]
[SourceDate "2008.10.04"]

1. e4 c5 2. Nf3 e6 3. d4 cxd4 4. Nxd4 Bc5 5. Be3 Qb6 6. b3 Nc6 7. c3 Nf6 8. f3
e5 9. Nxc6 dxc6 10. Bxc5 Qxc5 11. b4 Qe3+ 12. Be2 O-O 13. Qd2 Qb6 14. Bc4 a5
15. Qf2 Qxf2+ 16. Kxf2 Rd8 17. Ke3 Ne8 18. a3 axb4 19. cxb4 Nd6 20. Nd2 Kf8 21.
a4 Ke7 22. a5 Be6 23. Bxe6 Kxe6 24. Rhd1 b6 25. axb6 Rab8 26. Ra6 Nc8 27. Rc1
Rxb6 28. Rxc6+ Rxc6 29. Rxc6+ Kd7 30. Rc5 f6 31. Nc4 Ne7 32. b5 Rb8 33. b6 Rb7
34. Kd3 Nc6 35. Kc3 Rb8 36. Kb3 Ra8 37. Ne3 Nd4+ 38. Kc4 Ra4+ 39. Kc3 Ra3+ 40.
Kc4 Rxe3 41. b7 Rb3 42. Rd5+ Kc7 43. Rxd4 Rxb7 1/2-1/2

[Event "4NCL/Div3/CAMB2 vs. WWKS2"]
[Site "Hinckley Island ENG"]
[Date "2009.03.22"]
[Round "8.1"]
[White "Cooley, Oliver"]
[Black "Webster, Paul"]
[Result "1-0"]
[WhiteElo "2128"]
[BlackElo "2095"]
[PlyCount "105"]
[EventDate "2009.03.22"]
[EventCountry "ENG"]
[SourceDate "2008.10.04"]

1. e4 d6 2. d4 g6 3. Nc3 Bg7 4. Be3 Nd7 5. Qd2 a6 6. f4 Ngf6 7. h3 c6 8. e5 Nd5
9. Nxd5 cxd5 10. g4 Nb6 11. b3 h5 12. gxh5 Rxh5 13. Be2 Rh8 14. Nf3 Bf5 15. Bd3
Bxd3 16. Qxd3 Qd7 17. Ng5 e6 18. h4 Nc8 19. h5 gxh5 20. Nh7 Ne7 21. Rg1 Rxh7
22. Qxh7 Bf8 23. Qd3 Nf5 24. Rg8 O-O-O 25. Ke2 Be7 26. Rag1 h4 27. Bf2 Kb8 28.
R1g4 Qc8 29. Rxd8 Qxd8 30. c4 dxc4 31. bxc4 d5 32. cxd5 Qxd5 33. Rg8+ Ka7 34.
Qb3 Qe4+ 35. Kf1 Ng3+ 36. Bxg3 hxg3 37. Rxg3 Qxf4+ 38. Rf3 Qc1+ 39. Kg2 Qd2+
40. Kf1 Qc1+ 41. Ke2 Bh4 42. Rxf7 Qe1+ 43. Kd3 Qg3+ 44. Kc4 Qg2 45. Kb4 Be1+
46. Ka3 a5 47. Qf3 Bb4+ 48. Kb3 a4+ 49. Kxb4 Qb2+ 50. Kc5 Qb6+ 51. Kc4 Qa6+ 52.
Kb4 Qb6+ 53. Ka3 1-0

[Event "4NCL/Div3/CAMB2 vs. WWKS2"]
[Site "Hinckley Island ENG"]
[Date "2009.03.22"]
[Round "8.2"]
[White "Ingram, Keith"]
[Black "Robertson, J Stuart"]
[Result "1/2-1/2"]
[WhiteElo "2070"]
[BlackElo "2050"]
[PlyCount "72"]
[EventDate "2009.03.22"]
[EventCountry "ENG"]
[SourceDate "2008.10.04"]

1. e4 c5 2. Nf3 Nc6 3. d4 cxd4 4. Nxd4 Nf6 5. Nc3 e5 6. Ndb5 d6 7. a4 a6 8. Na3
Bg4 9. f3 Be6 10. Be3 Rc8 11. Be2 d5 12. exd5 Nxd5 13. Nxd5 Bxd5 14. O-O Be7
15. c3 O-O 16. Nc4 Nd4 17. cxd4 exd4 18. Qxd4 Bc5 19. Qf4 g5 20. Qf5 Be6 21.
Qe5 Bxc4 22. Bxc5 Re8 23. Qd4 Qxd4+ 24. Bxd4 Bxe2 25. Rfc1 Bc4 26. Rc3 Bd5 27.
Rac1 Rxc3 28. Rxc3 Bc6 29. Re3 Bxa4 30. Rxe8+ Bxe8 31. Bf6 h6 32. h4 gxh4 33.
Bxh4 Kg7 34. Kf2 Kg6 35. Ke3 Kf5 36. g4+ Kg6 1/2-1/2

[Event "4NCL/Div3/CAMB2 vs. WWKS2"]
[Site "Hinckley Island ENG"]
[Date "2009.03.22"]
[Round "8.3"]
[White "Gooding, Ian"]
[Black "Fallowfield, Jeremy"]
[Result "1-0"]
[WhiteElo "2009"]
[BlackElo "2022"]
[PlyCount "59"]
[EventDate "2009.03.22"]
[EventCountry "ENG"]
[SourceDate "2008.10.04"]

1. e4 c5 2. Nf3 d6 3. d4 cxd4 4. Nxd4 Nf6 5. Nc3 a6 6. f4 e5 7. Nf3 Nbd7 8. a4
Be7 9. Bd3 O-O 10. O-O Re8 11. Kh1 b6 12. Qe1 Bb7 13. Bd2 Qc7 14. Qf2 exf4 15.
Bxf4 Ne5 16. Rad1 Bf8 17. Bg5 Nfg4 18. Qg3 Nxf3 19. gxf3 Ne5 20. f4 Nc4 21. Bf6
Nxb2 22. Rd2 g6 23. f5 Rac8 24. Rg2 d5 25. fxg6 fxg6 26. e5 Qxc3 27. e6 d4 28.
Bxg6 Bxg2+ 29. Qxg2 Rxe6 30. Be8+ 1-0

[Event "4NCL/Div3/CAMB2 vs. WWKS2"]
[Site "Hinckley Island ENG"]
[Date "2009.03.22"]
[Round "8.4"]
[White "Fallowfield, Nicholas"]
[Black "Campbell, Mark"]
[Result "0-1"]
[WhiteElo "2060"]
[BlackElo "1984"]
[PlyCount "122"]
[EventDate "2009.03.22"]
[EventCountry "ENG"]
[SourceDate "2008.10.04"]

1. Nf3 Nf6 2. c4 e6 3. g3 b6 4. Bg2 Bb7 5. O-O Be7 6. b3 O-O 7. Bb2 d5 8. d3 c5
9. e3 Nbd7 10. Nc3 a6 11. Rc1 Rc8 12. Rc2 Rc7 13. Ne2 Qa8 14. Ne5 Nxe5 15. Bxe5
Rd7 16. Bxf6 Bxf6 17. d4 cxd4 18. Nxd4 dxc4 19. Bxb7 Qxb7 20. Qf3 Qxf3 21. Nxf3
c3 22. Nd4 Bxd4 23. exd4 Rc8 24. Rfc1 Rdc7 25. Kf1 b5 26. a3 a5 27. b4 axb4 28.
axb4 Rc4 29. Ke2 Kf8 30. Kd3 Rd8 31. Rxc3 Rdxd4+ 32. Ke3 Rxc3+ 33. Rxc3 Rxb4
34. Rc7 g5 35. h3 Kg7 36. Rb7 Kg6 37. Rb8 Rb3+ 38. Ke2 Rb2+ 39. Kf3 b4 40. Rb5
b3 41. Rb4 Rb1 42. Kg2 b2 43. Rb6 Kf5 44. Kf3 h5 45. g4+ hxg4+ 46. hxg4+ Ke5
47. Rb4 Kd5 48. Rb8 e5 49. Rd8+ Kc6 50. Rb8 e4+ 51. Kg2 Kd5 52. Rb5+ Kd4 53.
Rb8 Ke5 54. Rb7 Kd4 55. Rd7+ Kc3 56. Rc7+ Kd3 57. Rd7+ Ke2 58. Rb7 f6 59. Rb6
Kd3 60. Rd6+ Kc3 61. Rb6 Rc1 0-1

[Event "4NCL/Div3/CAMB2 vs. WWKS2"]
[Site "Hinckley Island ENG"]
[Date "2009.03.22"]
[Round "8.5"]
[White "Lee, Richard"]
[Black "Stepanyan, Henrik"]
[Result "1-0"]
[WhiteElo "1985"]
[BlackElo "1975"]
[PlyCount "57"]
[EventDate "2009.03.22"]
[EventCountry "ENG"]
[SourceDate "2008.10.04"]

1. d4 d5 2. Nf3 Nf6 3. c4 e6 4. Nc3 Bb4 5. e3 O-O 6. a3 Bxc3+ 7. bxc3 c5 8. Bd3
Nc6 9. O-O Re8 10. Re1 e5 11. cxd5 Nxd5 12. Nxe5 Nxe5 13. dxe5 Rxe5 14. c4 g6
15. Bb2 Rh5 16. Be2 Rh4 17. Qxd5 Qxd5 18. cxd5 Re4 19. Bf3 Re8 20. Rac1 b6 21.
d6 Rb8 22. Bc6 Rd8 23. Bf6 Rxd6 24. Be5 Rxc6 25. Bxb8 a6 26. Red1 b5 27. Rd6
Rxd6 28. Bxd6 c4 29. Be5 1-0

[Event "4NCL/Div3/CAMB2 vs. WWKS2"]
[Site "Hinckley Island ENG"]
[Date "2009.03.22"]
[Round "8.6"]
[White "Stepanyan, Astghik"]
[Black "Kourtseva, Julie"]
[Result "0-1"]
[WhiteElo "1775"]
[BlackElo "1815"]
[PlyCount "102"]
[EventDate "2009.03.22"]
[EventCountry "ENG"]
[SourceDate "2008.10.04"]

1. d4 d5 2. c4 c6 3. Nc3 Nf6 4. Nf3 g6 5. Bg5 Bg7 6. e3 Qa5 7. Bxf6 Bxf6 8. Be2
O-O 9. O-O dxc4 10. Bxc4 Bg4 11. h3 Bxf3 12. Qxf3 Nd7 13. Rfd1 Bg7 14. Ne4 Rad8
15. Rac1 Nb6 16. Bb3 Nd5 17. Nc5 Qc7 18. e4 Nf6 19. Bxf7+ Rxf7 20. Ne6 Qb6 21.
Nxd8 Qxd8 22. d5 cxd5 23. exd5 Qb6 24. Rc8+ Bf8 25. Qb3 Qxb3 26. axb3 Ne4 27.
f3 Nd6 28. Rc7 Bg7 29. Rd2 Be5 30. Re2 Bf6 31. Kf2 Kf8 32. Ke1 Bd4 33. Kd1 Ke8
34. Rcc2 Kd7 35. Rcd2 Bf6 36. Rd3 Nb5 37. Kc1 Kd6 38. Re4 Rf8 39. Kb1 Rc8 40.
Rc4 Rc5 41. Rb4 a6 42. Rc4 Rxd5 43. Rxd5+ Kxd5 44. Rc8 Ke5 45. Rc4 Kd5 46. Kc1
Nd4 47. Rb4 b5 48. Rxd4+ Kxd4 49. Kd2 Kc5 50. Kc2 Kd5 51. g3 Bd4 0-1

[Event "4NCL/Div3/BCA vs. GLOSG"]
[Site "Hinckley Island ENG"]
[Date "2009.03.22"]
[Round "8.1"]
[White "Crouch, Colin"]
[Black "Hosken, Nigel"]
[Result "1/2-1/2"]
[WhiteElo "2365"]
[BlackElo "2057"]
[PlyCount "161"]
[EventDate "2009.03.22"]
[EventCountry "ENG"]
[SourceDate "2008.10.04"]

1. d4 d5 2. Bf4 Nf6 3. e3 c6 4. Nd2 Bf5 5. Ngf3 e6 6. Ne5 Nfd7 7. g4 Bg6 8.
Nxg6 hxg6 9. Bg2 Nb6 10. Nf3 Bd6 11. Ne5 Qe7 12. c3 N8d7 13. Nxd7 Nxd7 14. Bxd6
Qxd6 15. h3 Qc7 16. Qc2 Nb6 17. O-O-O O-O-O 18. Kb1 Kb8 19. Ka1 e5 20. dxe5
Qxe5 21. Rd4 Qc7 22. Rhd1 Rhe8 23. Bf1 Qe7 24. Qe2 Ka8 25. Qf3 g5 26. Qf5 f6
27. Qc2 Qc7 28. R4d2 Qe7 29. Bd3 Rh8 30. Bf1 Rhe8 31. b3 Qc7 32. Kb2 Qe7 33. a4
Nd7 34. Rd4 Kb8 35. Bg2 Nc5 36. b4 Ne6 37. R4d2 Kc7 38. Qb3 a6 39. Ra1 Ra8 40.
Kc1 Reb8 41. Kd1 Nf8 42. Ke1 Nd7 43. Kf1 Ne5 44. Rd4 Re8 45. Rad1 Rad8 46. Kg1
Qf8 47. Rb1 b5 48. Ra1 Ra8 49. Rad1 Red8 50. Qc2 Qf7 51. e4 dxe4 52. axb5 axb5
53. Qxe4 Qe8 54. Qe3 Rxd4 55. cxd4 Nc4 56. Qg3+ Kb6 57. Qf3 Rd8 58. Qf5 Ne5 59.
h4 Qg6 60. Qxg6 Nxg6 61. hxg5 fxg5 62. Rc1 Rd6 63. Rc5 Nf4 64. Rxg5 g6 65. Re5
Rxd4 66. Re4 Rxe4 67. Bxe4 g5 68. f3 c5 69. bxc5+ Kxc5 70. Kf2 Kd4 71. Ke1 Ke3
72. Kd1 Ne6 73. Kc2 Nd4+ 74. Kc3 Nxf3 75. Bc6 Ne5 76. Bxb5 Nxg4 77. Bd7 Nh6 78.
Kc2 Kf4 79. Kd2 Nf5 80. Ke2 g4 81. Bxf5 1/2-1/2

[Event "4NCL/Div3/BCA vs. GLOSG"]
[Site "Hinckley Island ENG"]
[Date "2009.03.22"]
[Round "8.2"]
[White "Lambourne, Daniel M"]
[Black "Ross, Chris"]
[Result "1/2-1/2"]
[WhiteElo "2003"]
[BlackElo "2197"]
[PlyCount "112"]
[EventDate "2009.03.22"]
[EventCountry "ENG"]
[SourceDate "2008.10.04"]

1. c4 e6 2. d4 Nf6 3. Nc3 Bb4 4. Bd2 c5 5. d5 O-O 6. Nf3 d6 7. g3 Bxc3 8. Bxc3
Ne4 9. Rc1 e5 10. Bg2 f5 11. O-O Nxc3 12. Rxc3 Nd7 13. Nd2 e4 14. f3 exf3 15.
exf3 f4 16. Ne4 Ne5 17. Qe2 Bf5 18. Kh1 Bxe4 19. Qxe4 Qg5 20. Qe1 Rf6 21. Qf2
Raf8 22. g4 Rh6 23. Kg1 Rh4 24. h3 h5 25. Re1 hxg4 26. hxg4 Rh6 27. Re4 b6 28.
b3 Qf6 29. Rc2 Rh7 30. Rd2 g5 31. Ree2 Re8 32. Bh1 Rh3 33. Bg2 Rh4 34. Kf1 Re7
35. Rd1 Qh8 36. Ke1 Rh2 37. Kd2 Qh7 38. Kc3 Qg7 39. Kc2 Qh7+ 40. Kc3 Kf8 41.
Qf1 Ng6 42. Rde1 Rxe2 43. Qxe2 Qh8+ 44. Kc2 Qd4 45. Kb1 Ne5 46. Qc2 Kg7 47. Re2
a6 48. a4 Qg1+ 49. Ka2 Nd3 50. Qxd3 Rxg2 51. Rxg2 Qxg2+ 52. Kb1 Qg1+ 53. Kc2
Qf2+ 54. Kb1 Qe1+ 55. Kc2 Qe5 56. Qc3 Qxc3+ 1/2-1/2

[Event "4NCL/Div3/BCA vs. GLOSG"]
[Site "Hinckley Island ENG"]
[Date "2009.03.22"]
[Round "8.3"]
[White "Lilley, Graham"]
[Black "Meade, Philip J"]
[Result "1/2-1/2"]
[WhiteElo "2097"]
[BlackElo "2055"]
[PlyCount "57"]
[EventDate "2009.03.22"]
[EventCountry "ENG"]
[SourceDate "2008.10.04"]

1. d4 Nf6 2. c4 e6 3. Nf3 b6 4. a3 Bb7 5. Nc3 d6 6. d5 e5 7. e4 Be7 8. Be2 a5
9. O-O Nbd7 10. b3 O-O 11. Bb2 Re8 12. Qc2 Nf8 13. b4 Ng6 14. Rfe1 Bf8 15. Bf1
Bc8 16. h3 h6 17. g3 Nh7 18. Nd1 Ng5 19. Nxg5 Qxg5 20. Kh2 f5 21. Nc3 f4 22.
Be2 Re7 23. Rf1 Rf7 24. Bf3 Bd7 25. Nb5 Bxb5 26. cxb5 axb4 27. axb4 Rxa1 28.
Bxa1 fxg3+ 29. fxg3 1/2-1/2

[Event "4NCL/Div3/BCA vs. GLOSG"]
[Site "Hinckley Island ENG"]
[Date "2009.03.22"]
[Round "8.4"]
[White "Taylor, Geoffrey P"]
[Black "Cole, Tristram C"]
[Result "1/2-1/2"]
[WhiteElo "2019"]
[BlackElo "1970"]
[PlyCount "48"]
[EventDate "2009.03.22"]
[EventCountry "ENG"]
[SourceDate "2008.10.04"]

1. e4 e6 2. d4 d5 3. e5 c5 4. c3 Nc6 5. Nf3 Qb6 6. a3 f6 7. Bd3 Bd7 8. O-O
O-O-O 9. dxc5 Bxc5 10. b4 Be7 11. Bf4 fxe5 12. Nxe5 Nxe5 13. Bxe5 Bf6 14. Qe2
Ne7 15. Nd2 Nc6 16. Nf3 Rdf8 17. Rac1 Nxe5 18. Nxe5 Ba4 19. c4 Bg5 20. Rce1 Bf6
21. cxd5 exd5 22. Qg4+ Kb8 23. Bc2 Bxe5 24. Bxa4 Bd4 1/2-1/2

[Event "4NCL/Div3/BCA vs. GLOSG"]
[Site "Hinckley Island ENG"]
[Date "2009.03.22"]
[Round "8.5"]
[White "Whittle, Les"]
[Black "Waterfield, John"]
[Result "1/2-1/2"]
[WhiteElo "1885"]
[BlackElo "2023"]
[PlyCount "116"]
[EventDate "2009.03.22"]
[EventCountry "ENG"]
[SourceDate "2008.10.04"]

1. d4 Nf6 2. Nf3 c5 3. e3 g6 4. g3 Bg7 5. Bg2 O-O 6. O-O d5 7. Nbd2 cxd4 8.
exd4 Nc6 9. c3 b6 10. Re1 Ba6 11. Ne5 Bb7 12. Qe2 e6 13. Ndf3 Nd7 14. Bf4 Ndxe5
15. Nxe5 Rc8 16. Nxc6 Rxc6 17. h4 Rc4 18. Qd2 Re8 19. Bf1 Rc8 20. Bd3 Qd7 21.
Re2 Bc6 22. Rae1 Bb5 23. a3 Qc6 24. Re3 Bxd3 25. Rxd3 Qc4 26. Rde3 b5 27. R3e2
a5 28. Bd6 Bf8 29. Bxf8 Rxf8 30. Rc1 b4 31. axb4 axb4 32. Re3 Rc6 33. Qd3 Rfc8
34. Qxc4 Rxc4 35. Rd3 Kf8 36. f4 h5 37. Kf2 Ke7 38. Ke3 bxc3 39. Rdxc3 Rxc3+
40. Rxc3 Rxc3+ 41. bxc3 Kd6 42. Kd3 Kc7 43. c4 dxc4+ 44. Kxc4 Kc6 45. Kc3 Kd5
46. Kd3 f5 47. Ke3 Kc4 48. Kd2 Kxd4 49. Ke2 Kc4 50. Ke3 Kc3 51. Ke2 Kd4 52. Kd2
e5 53. fxe5 Kxe5 54. Ke3 Kf6 55. Kf4 g5+ 56. hxg5+ Kg6 57. Ke3 Kxg5 58. Kf3 h4
1/2-1/2

[Event "4NCL/Div3/BCA vs. GLOSG"]
[Site "Hinckley Island ENG"]
[Date "2009.03.22"]
[Round "8.6"]
[White "Dodwell, Phil"]
[Black "Ross, David J"]
[Result "1/2-1/2"]
[WhiteElo "2005"]
[BlackElo "1845"]
[PlyCount "43"]
[EventDate "2009.03.22"]
[EventCountry "ENG"]
[SourceDate "2008.10.04"]

1. e4 e6 2. Nf3 c5 3. b4 cxb4 4. d4 d5 5. e5 Ne7 6. Bd3 Nd7 7. O-O Nb6 8. a3
Nc6 9. axb4 Nxb4 10. Na3 Nxd3 11. Qxd3 a6 12. Bg5 f6 13. Bc1 Bd7 14. Re1 Rc8
15. Rb1 Qc7 16. exf6 gxf6 17. Qf5 Be7 18. Qh5+ Kd8 19. Qf7 Qd6 20. Qg7 Kc7 21.
Qh6 Kd8 22. Qg7 1/2-1/2

[Event "4NCL/Div3/MET vs. LIT1"]
[Site "Hinckley Island ENG"]
[Date "2009.03.22"]
[Round "8.1"]
[White "Dickson, George"]
[Black "Byron, Alan M"]
[Result "0-1"]
[WhiteElo "2103"]
[BlackElo "2162"]
[PlyCount "102"]
[EventDate "2009.03.22"]
[EventCountry "ENG"]
[SourceDate "2008.10.04"]

1. e4 c6 2. d4 d5 3. e5 Bf5 4. Bd3 Bxd3 5. Qxd3 e6 6. Ne2 c5 7. c3 Qb6 8. O-O
Nc6 9. dxc5 Bxc5 10. b4 Bf8 11. Be3 Nxe5 12. Qc2 Qc7 13. Na3 a6 14. Bf4 Bd6 15.
Qa4+ Qd7 16. Qxd7+ Kxd7 17. c4 Ne7 18. cxd5 Nxd5 19. Bxe5 Bxe5 20. Rad1 Rac8
21. Nd4 Ke7 22. Nf5+ Kf6 23. Ne3 Nxe3 24. fxe3+ Ke7 25. Rd3 f6 26. b5 Rhd8 27.
Rxd8 Kxd8 28. bxa6 bxa6 29. Rd1+ Ke7 30. Rb1 Rc3 31. Rb7+ Kf8 32. Nb1 Rc1+ 33.
Kf2 Rc2+ 34. Kf3 Rxa2 35. Ra7 a5 36. Ra6 Kf7 37. h4 h5 38. Ra7+ Kg6 39. Re7 Rb2
40. Na3 Bd6 41. Nc4 Bxe7 42. Nxb2 f5 43. g3 Bf6 44. Na4 Be5 45. Nb6 Bc7 46. Na4
Kf6 47. Nc3 Ke5 48. Nb5 a4 49. Ke2 Bd6 50. Kd3 a3 51. Nc3 Kf6 0-1